Terminologický slovník inžinierskej geodézie ruský, anglický, bulharský, maďarský, vietnamský, španielský, mongolský, nemecký, poľský, rumunský, slovenský, český, francúzsky
Gespeichert in:
| Format: | Buch |
|---|---|
| Sprache: | Mehrsprachig |
| Veröffentlicht: |
Praha :
Geodetická služba ČSSR,
1985
|
| Tags: |
Keine Tags, Fügen Sie das erste Tag hinzu!
|
MARC
| LEADER | 00000nam a22000003a 4500 | ||
|---|---|---|---|
| 001 | stu138417 | ||
| 005 | 20150408182344.3 | ||
| 008 | 070228s1985----xr------------------mul-d | ||
| 040 | |a STU |b slo | ||
| 041 | 0 | |a mul | |
| 044 | |a xr | ||
| 245 | |a Terminologický slovník inžinierskej geodézie ruský, anglický, bulharský, maďarský, vietnamský, španielský, mongolský, nemecký, poľský, rumunský, slovenský, český, francúzsky | ||
| 260 | |a Praha : |b Geodetická služba ČSSR, |c 1985 | ||
| 300 | |a 152 s | ||
| 996 | |c V*30207/O-12178 |l VV3 |s P |a 0 |w stu138417_0001 | ||
| 996 | |c V*30747/O-12438 |l VV4 |s P |a 0 |w stu138417_0002 | ||